000 00507nam a2200181Ia 4500
005 20250508162511.0
008 008 250505s9999 xx 000 0 eng d
037 _aReference
040 _aFEDL
_beng
_cFEDL
041 _aeng
_2eng
084 _a820.3, CAW
_qFEDL
100 _aCawley A C
245 0 _aConcise encyclopaedia of english literature
260 _aNew Delhi, India
_bAward Publishing House
_c1981
300 _a132p.
942 _cREF
_h820.3, CAW
999 _c1376938
_d1376938